000 00975cam a2200253 i 4500
003 SA-RiAUC
005 20241127143545.0
008 241127s1996 su g 000 0 ara c
020 _a9960010473
040 _aSA-RiSAMA
_bara
_cSA-RiAUC
_erda
082 0 4 _a251.6
090 _a251.6
_bب ا ح
100 1 _aالباحسين، يعقوب بن عبد الوهاب،
_d1347 هجري-
_eمؤلف.
245 1 0 _aقاعدة اليقين لا يزول بالشك :
_bدراسة نظرية تأصيلية وتطبيقية /
_cيعقوب عبد الوهاب الباحسين.
264 1 _aالرياض :
_bمكتبة الرشد،
_c1996
300 _a284 صفحة ؛
_c24 سم
336 _aنص
_btxt
_2rdacontent
_3كتاب
337 _aبدون وسيط
_bn
_2rdamedia
338 _aمجلد
_bnc
_2rdacarrier
650 7 _aالشك واليقين
_2aucsh
650 7 _aالقواعد الفقهية
_2aucsh
942 _2ddc
_cBOOK
_n0
949 _aSA-JeALM
_d241127
_uosman123
_n1
999 _c2819
_d2819